Normal view
MARC view
- القيادة التربوية- دراسات
Entry Topical Term
001 - CONTROL NUMBER
- control field: 60045
003 - CONTROL NUMBER IDENTIFIER
- control field: JO-AjAnu
005 - DATE AND TIME OF LATEST TRANSACTION
- control field: 20230606083820.0
008 - FIXED-LENGTH DATA ELEMENTS
- fixed length control field: 230606|| aca||aabn | a|a d
040 ## - CATALOGING SOURCE
- Original cataloging agency: JO-AjAnu
- Transcribing agency: JO-AjAnu
150 ## - HEADING--TOPICAL TERM
- Topical term or geographic name entry element: القيادة التربوية- دراسات
670 ## - SOURCE DATA FOUND
- Source citation: Work cat.: (JO-AjAnu)30621: البابطين، عبد الرحمن بن عبد الوهاب بن سعود, author 60044, دراسات في القيادة التربوية الجامعية